[Event "GRE-chT 43rd"]
[Site "Porto Rio"]
[Date "2015.10.08"]
[Round "1.4"]
[White "Spiliadis, Athanasios"]
[Black "Halkias, Stelios"]
[Result "0-1"]
[WhiteElo "1942"]
[BlackElo "2534"]
[PlyCount "78"]
[EventDate "2015.10.08"]
[EventType "team-swiss"]
[EventRounds "7"]
[EventCountry "GRE"]
[SourceTitle "CBM 168 Extra"]
[Source "ChessBase"]
[SourceDate "2015.10.29"]
[SourceVersion "1"]
[SourceVersionDate "2015.10.29"]
[SourceQuality "1"]
[WhiteTeam "Patron"]
[BlackTeam "Nice Fysiolatris"]
[WhiteTeamCountry "GRE"]
[BlackTeamCountry "GRE"]

1. e4 e5 2. Nf3 Nc6 3. Bb5 a6 4. Ba4 Nf6 5. 0-0 Be7 6. d4 exd4 7. e5 Ne4 8. Re1 Nc5 9. Bxc6 dxc6 10. Qxd4 Bf5 11. b4 Ne6 12. Qc3 0-0 13. Nbd2 Bg4 14. Bb2 Qd5 15. h3 Bh5 16. a3 a5 17. bxa5 Qxa5 18. Qe3 Bg6 19. Nb3 Qa4 20. Re2 c5 21. g3 Rfd8 22. Kg2 h6 23. Rd2 Rxd2 24. Qxd2 Be4 25. Re1 Ng5 26. Rxe4 Qxe4 27. Qd3 Qxf3+ 28. Qxf3 Nxf3 29. Kxf3 c4 30. Nd2 Bxa3 31. Bd4 b5 32. Ke4 c5 33. Be3 Bb4 34. Nf1 Ra2 35. g4 Rxc2 36. Ng3 Be1 37. Kf3 b4 38. Nf5 b3 39. Ne7+ Kh7 0-1

[Event "Aegean op 36th"]
[Site "Aghios Kirykos"]
[Date "2013.07.16"]
[Round "5"]
[White "Hristodoulou, Panagiotis"]
[Black "Spiliadis, Athanasios"]
[Result "1-0"]
[WhiteElo "2225"]
[BlackElo "1901"]
[PlyCount "105"]
[EventDate "2013.07.15"]
[EventType "swiss"]
[EventRounds "9"]
[EventCountry "GRE"]
[SourceTitle "EXT 2014"]
[Source "ChessBase"]
[SourceDate "2013.11.20"]
[SourceVersion "1"]
[SourceVersionDate "2013.11.20"]
[SourceQuality "1"]

1. e4 c5 2. Nf3 Nc6 3. d4 cxd4 4. Nxd4 e5 5. Nb5 d6 6. N1c3 a6 7. Na3 b5 8. Nd5 Nf6 9. Bg5 Be7 10. Bxf6 Bxf6 11. c3 Bg5 12. Nc2 Rb8 13. a4 bxa4 14. Ncb4 Bb7 15. Rxa4 a5 16. Nxc6 Bxc6 17. Ra2 0-0 18. Bc4 g6 19. 0-0 Kh8 20. Qe2 f5 21. b3 f4 22. f3 Bxd5 23. Bxd5 Qc7 24. Bc4 Bd8 25. Qd3 Qc5+ 26. Kh1 Bb6 27. Rd1 Rf6 28. Qd5 Qc7 29. Rd3 Bc5 30. Rd1 Rff8 31. Ra4 Rb7 32. Rxa5 Rc8 33. Ba6 Qxa5 34. Bxb7 Rc7 35. b4 Bxb4 36. cxb4 Qxb4 37. Ba6 Rc2 38. Bf1 Kg7 39. Qxd6 Qxd6 40. Rxd6 h5 41. Kg1 Kh6 42. Rd5 Kg5 43. Rxe5+ Kh4 44. Rb5 g5 45. Rb1 Rc5 46. Kf2 Rc2+ 47. Be2 g4 48. g3+ Kh3 49. Rb5 Rxe2+ 50. Kxe2 Kg2 51. gxf4 gxf3+ 52. Ke3 f2 53. Rb2 1-0

[Event "Isthmia op 1st"]
[Site "Vrachati"]
[Date "2011.08.18"]
[Round "1"]
[White "Spiliadis, Athanasios"]
[Black "Georgiadis, Ioannis"]
[Result "0-1"]
[WhiteElo "1896"]
[BlackElo "2464"]
[PlyCount "110"]
[EventDate "2011.08.18"]
[EventType "swiss"]
[EventRounds "9"]
[EventCountry "GRE"]
[SourceTitle "CBM 144 Extra"]
[Source "ChessBase"]
[SourceDate "2011.10.28"]
[SourceVersion "1"]
[SourceVersionDate "2011.10.28"]
[SourceQuality "1"]

1. e4 e5 2. Nf3 Nc6 3. Bb5 Nf6 4. 0-0 Nxe4 5. Re1 Nd6 6. Nxe5 Be7 7. Ba4 Nxe5 8. Rxe5 0-0 9. d4 Bf6 10. Re1 b5 11. Bb3 Bb7 12. Bf4 Nf5 13. c3 Nh4 14. d5 d6 15. Qd2 Qd7 16. Na3 c5 17. c4 a6 18. Rab1 Rfe8 19. h3 Rxe1+ 20. Rxe1 b4 21. Nc2 a5 22. a4 Ng6 23. Bg3 Rd8 24. Ne3 Re8 25. Qc2 Bc8 26. Ba2 Be5 27. Bxe5 Rxe5 28. Bb1 Qe7 29. Qd1 f5 30. Kf1 Bd7 31. b3 Qg5 32. Qf3 Nh4 33. Qg3 Qxg3 34. fxg3 Ng6 35. Nc2 Kf7 36. Rxe5 Nxe5 37. Ne1 Kf6 38. Ke2 h6 39. Ke3 g5 40. Bc2 Be8 41. Bd1 Bxa4 42. bxa4 Nxc4+ 43. Kd3 Nb2+ 44. Kd2 Nxd1 45. Kxd1 Ke5 46. Nc2 f4 47. Ke2 Kxd5 48. gxf4 gxf4 49. Kd3 c4+ 50. Ke2 Ke4 51. Kd1 b3 52. Na3 Kd3 53. Kc1 c3 54. h4 h5 55. Nc2 bxc2 0-1

[Event "GRE-ch 60th"]
[Site "Vrachati"]
[Date "2010.12.03"]
[Round "8"]
[White "Kotronias, Vasilios"]
[Black "Spiliadis, Athanasios"]
[Result "1-0"]
[WhiteElo "2591"]
[BlackElo "1888"]
[PlyCount "59"]
[EventDate "2010.11.26"]
[EventType "tourn"]
[EventRounds "9"]
[EventCountry "GRE"]
[EventCategory "7"]
[SourceTitle "CBM 139 Extra"]
[Source "ChessBase"]
[SourceDate "2011.01.05"]
[SourceVersion "1"]
[SourceVersionDate "2011.01.05"]
[SourceQuality "1"]

1. e4 c5 2. Nf3 Nc6 3. Bb5 Nf6 4. Nc3 Qc7 5. 0-0 Nd4 6. Re1 Ng4 7. g3 Nxf3+ 8. Qxf3 Ne5 9. Qd1 e6 10. Bf1 Be7 11. d3 a6 12. f4 Nc6 13. e5 d5 14. exd6 Bxd6 15. f5 Nd4 16. Nd5 Qd8 17. fxe6 Bxe6 18. c3 0-0 19. Bg2 Nc6 20. Qh5 Re8 21. Bg5 Be7 22. Rxe6 fxe6 23. Be4 Bxg5 24. Qxh7+ Kf8 25. Rf1+ Bf6 26. Rxf6+ Qxf6 27. Nxf6 gxf6 28. Bg6 Ne5 29. Bh5 Red8 30. d4 1-0

[Event "GRE-ch 60th"]
[Site "Vrachati"]
[Date "2010.12.02"]
[Round "7"]
[White "Spiliadis, Athanasios"]
[Black "Nikolaidis, Ioannis"]
[Result "0-1"]
[WhiteElo "1888"]
[BlackElo "2552"]
[PlyCount "74"]
[EventDate "2010.11.26"]
[EventType "tourn"]
[EventRounds "9"]
[EventCountry "GRE"]
[EventCategory "7"]
[SourceTitle "CBM 139 Extra"]
[Source "ChessBase"]
[SourceDate "2011.01.05"]
[SourceVersion "1"]
[SourceVersionDate "2011.01.05"]
[SourceQuality "1"]

1. e4 c6 2. d4 g6 3. Nf3 Bg7 4. Nc3 d6 5. h3 Nd7 6. Be3 Qc7 7. Qd2 Ngf6 8. Bd3 0-0 9. 0-0 e5 10. dxe5 dxe5 11. Rad1 b5 12. a3 Re8 13. Ne2 Bf8 14. c3 Nc5 15. Ng3 Nxd3 16. Qxd3 Be6 17. Qc2 a5 18. Qc1 Bb3 19. Rd2 a4 20. Bg5 Nd7 21. Nh2 h5 22. Nf3 Nc5 23. Re1 Ne6 24. Bf6 Bg7 25. Bxg7 Kxg7 26. Kh2 Nc5 27. Re3 Qe7 28. Nd4 exd4 29. cxd4 h4 30. dxc5 hxg3+ 31. Kxg3 Rad8 32. Rxd8 Rxd8 33. f4 Rd4 34. Qc3 Qf6 35. Qe1 Rd1 36. e5 Qd8 37. Qe2 Rd2 0-1

[Event "GRE-ch 60th"]
[Site "Vrachati"]
[Date "2010.11.30"]
[Round "5"]
[White "Spiliadis, Athanasios"]
[Black "Kanakaris, Georgios"]
[Result "0-1"]
[WhiteElo "1888"]
[BlackElo "2285"]
[PlyCount "106"]
[EventDate "2010.11.26"]
[EventType "tourn"]
[EventRounds "9"]
[EventCountry "GRE"]
[EventCategory "7"]
[SourceTitle "CBM 139 Extra"]
[Source "ChessBase"]
[SourceDate "2011.01.05"]
[SourceVersion "1"]
[SourceVersionDate "2011.01.05"]
[SourceQuality "1"]

1. e4 e6 2. d4 d5 3. Nd2 Nf6 4. e5 Nfd7 5. Bd3 c5 6. c3 Nc6 7. Ne2 cxd4 8. cxd4 f6 9. exf6 Nxf6 10. 0-0 Bd6 11. Nf3 0-0 12. Bf4 Bxf4 13. Nxf4 Ng4 14. Qd2 Qd6 15. g3 e5 16. dxe5 Ncxe5 17. Nxe5 Nxe5 18. Be4 d4 19. Rad1 Bf5 20. Qe2 Bxe4 21. Qxe4 g5 22. Qd5+ Qxd5 23. Nxd5 Rad8 24. f4 Rxd5 25. fxe5 Rxf1+ 26. Kxf1 Kf7 27. Ke2 Rxe5+ 28. Kf3 Rf5+ 29. Ke2 Rb5 30. b3 Ra5 31. Rd2 Ke6 32. Kd3 Rd5 33. Re2+ Re5 34. Re4 Rxe4 35. Kxe4 d3 36. Kxd3 Kd5 37. h3 b6 38. a3 b5 39. Ke3 a6 40. Kd3 a5 41. Kc3 Ke4 42. a4 bxa4 43. bxa4 Kd5 44. Kd3 Kc5 45. Ke4 Kb4 46. Kf5 Kxa4 47. Kxg5 Kb4 48. Kh6 a4 49. Kxh7 a3 50. g4 a2 51. g5 a1Q 52. g6 Qh1 53. g7 Qxh3+ 0-1

[Event "GRE-ch 60th"]
[Site "Vrachati"]
[Date "2010.11.28"]
[Round "3"]
[White "Spiliadis, Athanasios"]
[Black "Nikolaidis, Konstantinos"]
[Result "1/2-1/2"]
[WhiteElo "1888"]
[BlackElo "2308"]
[PlyCount "108"]
[EventDate "2010.11.26"]
[EventType "tourn"]
[EventRounds "9"]
[EventCountry "GRE"]
[EventCategory "7"]
[SourceTitle "CBM 139 Extra"]
[Source "ChessBase"]
[SourceDate "2011.01.05"]
[SourceVersion "1"]
[SourceVersionDate "2011.01.05"]
[SourceQuality "1"]

1. e4 c6 2. d4 d5 3. exd5 cxd5 4. c4 Nf6 5. Nc3 Nc6 6. Bg5 dxc4 7. d5 Ne5 8. Qd4 h6 9. Qxe5 hxg5 10. Bxc4 Bd7 11. Nf3 g4 12. Nd4 Rh5 13. Qe2 a6 14. 0-0 Qb6 15. Rfd1 Rc8 16. Bb3 Qd6 17. g3 g6 18. Re1 Bh6 19. Rad1 Kf8 20. Nc6 Re8 21. Ne5 b5 22. Nxd7+ Qxd7 23. Qd3 Qd6 24. Ne4 Nxe4 25. Rxe4 Bg7 26. Qe2 Re5 27. Rc1 Rxe4 28. Qxe4 Bxb2 29. Rc6 Qe5 30. Qxe5 Bxe5 31. Rxa6 Bd6 32. Rc6 Kg7 33. Bd1 Ra8 34. Rc2 Ra4 35. Rd2 Re4 36. Kg2 f5 37. h3 gxh3+ 38. Kxh3 Re1 39. Kg2 Kf6 40. Bb3 b4 41. Kf3 Ke5 42. Re2+ Rxe2 43. Kxe2 g5 44. f3 Kd4 45. g4 Ke5 46. gxf5 Kxf5 47. Kf2 Kf4 48. Bc4 Bc5+ 49. Kg2 Bd6 50. Kf2 Ke5 51. Bb3 Kf4 52. Bc4 Bc5+ 53. Kg2 g4 54. fxg4 Kxg4 1/2-1/2